| 000 | 00810nam a2200241 a 4500 | ||
|---|---|---|---|
| 001 | 42072 | ||
| 003 | BD-RjUL | ||
| 005 | 20211209053505.0 | ||
| 008 | 160609s1969 nyu b 000 0 eng d | ||
| 035 | _a(BD-RjUL)42190 | ||
| 040 |
_aDLC _cDLC _dUKM _dEQO _dBD-RjUL _beng |
||
| 041 | _aeng | ||
| 082 |
_a327.5193 _223 _bKOF 1969 |
||
| 100 | 1 |
_aKoh, Byung Chul _9129365 |
|
| 245 | 1 | 4 |
_aThe foreign policy of North Korea / _cByung Chul koh |
| 260 |
_aNew York : _bF. A. Praeger, _c[1969] |
||
| 300 |
_axxi, 237 p. ; _c24 cm |
||
| 490 | 1 | _aPraeger special studies in international politics and public affairs | |
| 504 | _aBibliography: p. 225-237 | ||
| 651 | 0 |
_aKorea (North) _xForeign relations _9129366 |
|
| 830 | 0 |
_aPraeger special studies in international politics and public affairs _9129368 |
|
| 942 |
_2ddc _cBK |
||
| 999 |
_c42072 _d42072 |
||